Biología para pensar : interacciones, diversidad y cambios en los sistemas biológicos /

Guardado en:
Autor Principal: Antokolec, Patricia
Otros Autores: De Francesco, Virginia, Florio, Alejandra, Harburguer, Laura, Haut, Guillermo, Solís, María José
Formato: Libro
Publicado: Buenos Aires : Kapelusz, 2009
Series:Para pensar
Materias:
Etiquetas: Agregar Etiqueta
Sin Etiquetas, Sea el primero en etiquetar este registro!
LEADER 01582nam a22003015a 4500
001 CEM.cems013390
005 20120410094814.0
008 130507s2009##################000#0#####d
003 CEMS
020 |a 9789501303285 
082 0 4 |a Z574 
100 1 |a Antokolec, Patricia 
245 1 0 |a Biología para pensar :  |b interacciones, diversidad y cambios en los sistemas biológicos /  |c Patricia Antokolec y Otros 
260 |a Buenos Aires :  |b Kapelusz,  |c 2009 
300 |a 256 p. 
490 0 |a Para pensar 
500 |a Para 2º Educación Secundaria Básica 
505 0 |a Origen, diversidad y evolución de la vida -- El origen de la vida en la Tierra -- La evolución de los seres vivos -- La célula -- Clasificación de los seres vivos -- Trabajo de integración de bloque 1 -- Relaciones de los seres vivos con el ambiente -- Los animales y el medio externo -- Las plantas y el medio externo -- Los ecosistemas -- El estudio de los ecosistemas -- La materia y la energía en los ecosistemas -- Las poblaciones -- Las comunidades -- El cuerpo humano y sus sistemas -- El organismo humano y sus funciones -- La nutrición -- El cuerpo humano y el medio externo 
653 |a Biología 
653 |a 2 esb 
700 1 |a De Francesco, Virginia 
700 1 |a Florio, Alejandra 
700 1 |a Harburguer, Laura 
700 1 |a Haut, Guillermo 
700 1 |a Solís, María José 
859 |a CEMS  |b BIB. CEMS - 11 de abril  |h Z574  |i An87  |p 25974.10  |t Ej.1 
859 |a CEMS  |b BIB. CEMS - 11 de abril  |h Z574  |i An87  |p 25975.10  |t Ej.2 
859 |a CEMS  |b BIB. CEMS - 11 de abril  |h Z574  |i An87  |p 25976.10  |t Ej.3